Análisis de la situación alimentaria - nutricional en Costa Rica

Збережено в:
Бібліографічні деталі
Автор: Sáenz, Lenin
Формат: Невідомо
Опубліковано: Heredia :
Теги: Додати тег
Немає тегів, Будьте першим, хто поставить тег для цього запису!

MARC

LEADER 00000 a2200000 04500
001 15193
003
008 991231s d
040 |a CRAI/IIS  |c CRAI/IIS 
090 |a 174607  
100 |a Sáenz, Lenin  
245 |a Análisis de la situación alimentaria - nutricional en Costa Rica  
260 |a Heredia :  
999 |c 395  |d 395